| Tag |
First Indicator |
Second Indicator |
Subfields |
| LEADER |
00000cam a2200000 a 4500 |
| 001 |
in00001663276 |
| 005 |
20151024121200.0 |
| 008 |
950403s1995 nyu b 001 0 eng |
| 010 |
|
|
|a 95012542
|
| 015 |
|
|
|a GB97-23040
|
| 019 |
|
|
|a 37157167
|
| 020 |
|
|
|a 0815320736 (alk. paper)
|
| 035 |
|
|
|a (OCoLC)ocm32396920
|
| 040 |
|
|
|a DLC
|c DLC
|d UKM
|d TXA
|d UtOrBLW
|
| 043 |
|
|
|a e-gr---
|
| 049 |
|
|
|a TXAM
|
| 050 |
0 |
0 |
|a PA4037
|b .D46 1995
|
| 082 |
0 |
0 |
|a 883/.01
|2 20
|
| 100 |
1 |
|
|a Dickson, Keith M.
|
| 245 |
1 |
0 |
|a Nestor :
|b poetic memory in Greek epic /
|c Keith Dickson.
|
| 264 |
|
1 |
|a New York :
|b Garland Pub.,
|c 1995.
|
| 300 |
|
|
|a ix, 254 pages ;
|c 24 cm.
|
| 336 |
|
|
|a text
|b txt
|2 rdacontent
|
| 337 |
|
|
|a unmediated
|b n
|2 rdamedia
|
| 338 |
|
|
|a volume
|b nc
|2 rdacarrier
|
| 490 |
1 |
|
|a Garland reference library of the humanities ;
|v vol. 1923.
|a The Albert Bates Lord studies in oral tradition ;
|v vol. 16
|
| 504 |
|
|
|a Includes bibliographical references and index.
|
| 600 |
0 |
0 |
|a Homer
|x Characters
|x Nestor.
|
| 650 |
|
0 |
|a Epic poetry, Greek
|x History and criticism.
|
| 650 |
|
0 |
|a Trojan War
|x Literature and the war.
|
| 650 |
|
0 |
|a Nestor (Greek mythology)
|
| 650 |
|
0 |
|a Older men in literature.
|
| 650 |
|
0 |
|a Memory in literature.
|
| 600 |
0 |
0 |
|a Homer.
|t Odyssey.
|
| 600 |
0 |
0 |
|a Homer.
|t Iliad.
|
| 830 |
|
0 |
|a Garland reference library of the humanities ;
|v vol. 1923.
|
| 830 |
|
0 |
|a Garland reference library of the humanities.
|p Albert Bates Lord studies in oral tradition ;
|v vol. 16.
|
| 948 |
|
|
|a cataloged
|b h
|c 2002/2/27
|d c
|e jspillan
|f 10:31:42 am
|
| 994 |
|
|
|a E0
|b TXA
|
| 999 |
|
|
|a MARS
|
| 999 |
f |
f |
|s 1f76bad8-cf9b-31e5-8481-aea2b8cdf25f
|i d9baa515-cc7c-340d-a4af-5993e256f16d
|t 0
|
| 952 |
f |
f |
|p ric
|a Texas A&M University
|b Rellis Campus
|c Joint Library Facility
|d Remote Storage
|t 0
|e PA4037 .D46 1995
|h Library of Congress classification
|i unmediated -- volume
|m A14828429974
|
| 998 |
f |
f |
|a PA4037 .D46 1995
|t 0
|l Remote Storage
|